[Event "Santiago de Compostela Bicapawn GP Rap"]
[Site "Santiago de Compostela"]
[Date "2022.10.22"]
[Round "9"]
[White "Munoz Pantoja, Miguel Angel"]
[Black "Rodriguez Portela, Javier"]
[Result "1-0"]
[WhiteElo "2367"]
[BlackElo "2033"]
[PlyCount "64"]
[EventDate "2022.10.22"]
[EventType "swiss (rapid)"]
[EventRounds "9"]
[EventCountry "ESP"]
[SourceTitle "CBM 210 Extra"]
[Source "ChessBase"]
[SourceDate "2022.11.30"]
[SourceVersion "1"]
[SourceVersionDate "2022.11.30"]
[SourceQuality "1"]

1. e4 c6 2. Nc3 d5 3. Nf3 Bg4 4. exd5 cxd5 5. Bb5+ Nc6 6. Ne5 Bxd1 7. Nxc6 bxc6 8. Bxc6+ Qd7 9. Bxd7+ Kxd7 10. Nxd1 Nf6 11. d4 e6 12. Ke2 Bd6 13. Kd3 Rhc8 14. b3 Rab8 15. c4 dxc4+ 16. bxc4 e5 17. c5 Bc7 18. Be3 exd4 19. Bxd4 Nd5 20. Ne3 Nb4+ 21. Kc4 Nc6 22. Bc3 g6 23. Rad1+ Ke8 24. Rhe1 Kf8 25. Rb1 Ba5 26. Rxb8 Rxb8 27. Rd1 Bxc3 28. Kxc3 Rb5 29. Kc4 Ra5 30. Rd6 Ne5+ 31. Kd4 f6 32. Rxf6+ Ke8 1-0

[Event "Santiago de Compostela Bicapawn GP B4"]
[Site "Santiago de Compostela"]
[Date "2022.10.21"]
[Round "2"]
[White "Sosa, Tomas Sebastian"]
[Black "Rodriguez Portela, Javier"]
[Result "1-0"]
[WhiteElo "2548"]
[BlackElo "2033"]
[PlyCount "112"]
[EventDate "2022.10.21"]
[EventType "swiss (blitz)"]
[EventRounds "9"]
[EventCountry "ESP"]
[SourceTitle "CBM 210 Extra"]
[Source "ChessBase"]
[SourceDate "2022.11.30"]
[SourceVersion "1"]
[SourceVersionDate "2022.11.30"]
[SourceQuality "1"]

1. e4 c6 2. Nf3 d5 3. Nc3 dxe4 4. Nxe4 Bg4 5. h3 Bxf3 6. Qxf3 e6 7. c3 Nf6 8. Nxf6+ Qxf6 9. Qg3 Qd8 10. d4 Nd7 11. Bd3 Nf6 12. 0-0 g6 13. Re1 Bg7 14. Qh4 h6 15. Bd2 Qd5 16. Re5 Qd6 17. Re2 Qd5 18. c4 Qd6 19. Bc3 0-0 20. a3 Rfe8 21. Rae1 Rad8 22. d5 g5 23. Qg3 Qxg3 24. fxg3 exd5 25. cxd5 Rxe2 26. Rxe2 Nxd5 27. Bxg7 Kxg7 28. Bc4 Rd7 29. Bb3 Re7 30. Rd2 Re5 31. Kf2 f5 32. Bc2 Kf6 33. Rd4 a5 34. Bd1 Re4 35. Rd2 Ke5 36. Bf3 Rd4 37. Re2+ Kd6 38. Rc2 b5 39. Re2 b4 40. axb4 Rxb4 41. Ke1 a4 42. Rd2 Rb3 43. Bd1 Rb4 44. Kf2 Kc5 45. Rc2+ Kb6 46. Rd2 f4 47. gxf4 Rxf4+ 48. Kg3 Rb4 49. Bf3 Kc5 50. Rc2+ Kd6 51. Rd2 Rb3 52. Kg4 a3 53. bxa3 Rxa3 54. Kh5 Ke5 55. Kxh6 Kf4 56. Rc2 Rc3 1-0

[Event "Santiago de Compostela Bicapawn GP B1"]
[Site "Santiago de Compostela"]
[Date "2022.10.19"]
[Round "9"]
[White "Rodriguez Portela, Javier"]
[Black "Doghri, Nabil"]
[Result "0-1"]
[WhiteElo "2033"]
[BlackElo "2305"]
[PlyCount "72"]
[EventDate "2022.10.19"]
[EventType "swiss (blitz)"]
[EventRounds "9"]
[EventCountry "ESP"]
[SourceTitle "EXT 2024"]
[Source "ChessBase"]
[SourceDate "2023.10.10"]
[SourceVersion "1"]
[SourceVersionDate "2023.10.10"]
[SourceQuality "1"]

1. b4 d5 2. Bb2 Nd7 3. Nf3 Ngf6 4. e3 e6 5. a3 a5 6. b5 c5 7. bxc6 bxc6 8. d3 Bd6 9. Nbd2 0-0 10. Be2 Rb8 11. Qc1 e5 12. c4 Qe7 13. 0-0 e4 14. dxe4 dxe4 15. Nd4 Ne5 16. Rd1 Bd7 17. Qc2 Neg4 18. Nf1 Rfd8 19. h3 Ne5 20. a4 Ng6 21. Rac1 Be5 22. Bc3 h5 23. Bxa5 Rdc8 24. Bc3 Bxh3 25. gxh3 Qd7 26. Nxc6 Qxc6 27. Bxe5 Nxe5 28. c5 Qe6 29. Kh2 Ng6 30. c6 Qe5+ 31. Kh1 Qf5 32. Ba6 Qxh3+ 33. Kg1 Nh4 34. f4 Nf3+ 35. Kf2 Ng4+ 36. Ke2 Qg2# 0-1

[Event "Santiago de Compostela Bicapawn GP B1"]
[Site "Santiago de Compostela"]
[Date "2022.10.19"]
[Round "7"]
[White "Rodriguez Portela, Javier"]
[Black "Guillo Longares, Cecilia"]
[Result "0-1"]
[WhiteElo "2033"]
[BlackElo "1935"]
[PlyCount "92"]
[EventDate "2022.10.19"]
[EventType "swiss (blitz)"]
[EventRounds "9"]
[EventCountry "ESP"]
[SourceTitle "EXT 2024"]
[Source "ChessBase"]
[SourceDate "2023.10.10"]
[SourceVersion "1"]
[SourceVersionDate "2023.10.10"]
[SourceQuality "1"]

1. e4 c6 2. d4 d5 3. exd5 cxd5 4. Bd3 Nc6 5. Nf3 Bg4 6. c3 Nf6 7. Bf4 e6 8. 0-0 Bd6 9. Bg3 0-0 10. Nbd2 a6 11. Qc2 b5 12. Ne5 Rc8 13. Nxg4 Nxg4 14. Bxh7+ Kh8 15. Nf3 f5 16. Bh4 Be7 17. Bxe7 Qxe7 18. Bg6 Rf6 19. Bh5 Rh6 20. Bxg4 fxg4 21. Ne5 Nxe5 22. dxe5 Qh4 23. h3 gxh3 24. g3 h2+ 25. Kh1 Qg5 26. Rae1 Rf8 27. Re3 Rf5 28. f4 Qg4 29. Qf2 Rh3 30. Qf3 Qg6 31. Rf2 Rfh5 32. Qg2 Qb1+ 33. Rf1 Qxa2 34. Re2 Qc4 35. Qf3 Rh6 36. f5 exf5 37. e6 Rxg3 38. Qxg3 Qxe2 39. Qg2 Qxe6 40. Rf2 Qe4 41. Qxe4 fxe4 42. Rf8+ Kh7 43. Rd8 Rh5 44. b4 Re5 45. Kg2 e3 46. Kxh2 e2 0-1